Statistics for Pokémon - Orte in Hoenn

Click here to take the quiz!

General Stats

  • This quiz has been taken 5 times
  • The average score is 9 of 16

Answer Stats

TippOrt% Correct
Heimatort eures CharaktersWurzelheim
100%
Heiße Quellen, 4. OrdenBad Lavastadt
67%
Wald, Kecleon, 6. OrdenBaumhausen City
67%
Heiko, Vater des Spielers, 5. OrdenBlütenburg City
67%
Strand, 2. ArenaFaustauhaven
67%
Auf dem Meer. StrömungenFloßbrunn
67%
Schiffswerft, OzeanmuseumGraphitport City
67%
Asche, Professor KosmosLaubwechselfeld
67%
Devon, Trainerschule, 1. OrdenMetarost City
67%
Einkaufshalle, WettbewerbeSeegrasulb City
67%
Krater, Urzeithöhle, 8. OrdenXeneroville
67%
Radladen, Spielhalle, 3. OrdenMalvenfroh City
33%
Pokémon-LigaPrachtpolis City
33%
Pokécenter, SupermarktRosalstadt
33%
Kräuterladen, TunnelWiesenflur
33%
Insel, Troys Haus, 7. OrdenMoosbach City
0%

Score Distribution

Percentile by Number Answered

Percent of People with Each Score

Your Score History

You have not taken this quiz